01121ata a2200409 450000500170000000800410001702000140005804100080007208200210008010000330010124500780013426000150021226000300022726000090025730000190026665000150028565000290030065000130032965000160034265000160035865000140037465000260038865000240041465000260043865000280046465000220049265000200051465000170053465000150055165000160056665000110058265000300059365000290062394200120065299900150066495200320067920231024133828.0150519b2002 xxu||||| |||| 00| 0 spa d a977671524 aESP a330.972.86 M722c aMolina Jiménez, Ivan97816 aCosta Rica (1800-1850): el legado colonial y la génesis del capitalismo aCosta Rica bUniversidad de Costa Rica c2002 a420 páginas  aCOSTA RICA aCONDICIONES ECONÓMICAS aHISTORIA aAGRICULTURA aGANADERÍA aARTESANIA aASPECTOS ECONÓMICOS aECONOMÍA COLONIAL aESTRUCTURA PRODUCTIVA aCRECIMIENTO ECONÓMICO aCOMERCIO EXTERIOR aMERCADO INTERNO aCOMERCIANTES aCAMPESINOS aCAPITALISMO aCAFÉ aCRECIMIENTO DEMOGRÁFICO aCAPITALIZACIÓN AGRARIA cBK2ddc c5767d5767 o330.972.86 M722cp14728yBK